[Event "Leiden SB-ch 1920"]
[Site "Leiden"]
[Date "2020.09.25"]
[Round "6"]
[White "Hellenberg, Jan Amerik"]
[Black "Van den Biggelaar, Don"]
[Result "1-0"]
[WhiteElo "2117"]
[BlackElo "1735"]
[PlyCount "39"]
[EventDate "2019.11.08"]
[EventType "swiss"]
[EventRounds "7"]
[EventCountry "NED"]
[SourceTitle "EXT 2023"]
[Source "ChessBase"]
[SourceDate "2022.10.05"]
[SourceVersion "1"]
[SourceVersionDate "2022.10.05"]
[SourceQuality "1"]

1. d4 d5 2. c4 e5 3. dxe5 d4 4. Nf3 Nc6 5. a3 Nge7 6. b4 Ng6 7. Bb2 a5 8. b5 Ncxe5 9. Nxe5 Nxe5 10. e3 Be6 11. Bxd4 Nxc4 12. Qa4 Nb6 13. Qc2 a4 14. Nd2 Rc8 15. Bd3 Qd5 16. Be4 Qxb5 17. Bxb7 c5 18. Bxc8 Bxc8 19. Rb1 Qc6 20. Qe4+ 1-0

[Event "Leiden SB-ch 1920"]
[Site "Leiden"]
[Date "2020.01.24"]
[Round "4"]
[White "Hellenberg, Jan Amerik"]
[Black "Heijboer, Herman"]
[Result "1-0"]
[WhiteElo "2117"]
[BlackElo "1795"]
[PlyCount "109"]
[EventDate "2019.11.08"]
[EventType "swiss"]
[EventRounds "7"]
[EventCountry "NED"]
[SourceTitle "EXT 2023"]
[Source "ChessBase"]
[SourceDate "2022.10.05"]
[SourceVersion "1"]
[SourceVersionDate "2022.10.05"]
[SourceQuality "1"]

1. c4 f5 2. Nf3 Nf6 3. Nc3 g6 4. d4 Bg7 5. b3 d6 6. Bb2 0-0 7. e3 c6 8. Bd3 a5 9. Qc2 Na6 10. a3 Nc7 11. 0-0 e6 12. Rfe1 d5 13. Ne5 Ng4 14. f4 Bxe5 15. dxe5 d4 16. Nd1 Nxe3 17. Nxe3 dxe3 18. Rxe3 Na6 19. c5 Nc7 20. Bc4 Nd5 21. Rd3 Qe7 22. Qf2 Bd7 23. Rad1 Rf7 24. Bc1 Rff8 25. Be3 Rfd8 26. Qe1 Be8 27. Qd2 Qc7 28. Bf2 Kg7 29. Bh4 Rd7 30. Qf2 Rb8 31. Bf6+ Kg8 32. h3 b5 33. cxb6 Qxb6 34. g4 Qxf2+ 35. Kxf2 Rdb7 36. gxf5 gxf5 37. Rg1+ Kf8 38. Rdg3 Bf7 39. Bg5 Ke8 40. Rc1 Rd7 41. Rd3 Kf8 42. Rd2 Kg7 43. Rd3 Rdb7 44. Ke2 h6 45. Bxd5 hxg5 46. Bc4 gxf4 47. Rg1+ Kf8 48. Kf3 Bh5+ 49. Kxf4 Bf7 50. Rd6 Rxb3 51. Bxb3 Rxb3 52. Rxc6 Rxa3 53. Rc8+ Be8 54. Rb1 Ra4+ 55. Kg5 1-0

[Event "Leiden SB-ch 1920"]
[Site "Leiden"]
[Date "2019.11.29"]
[Round "2"]
[White "Hellenberg, Jan Amerik"]
[Black "Pijpers, Arthur"]
[Result "0-1"]
[WhiteElo "2117"]
[BlackElo "2480"]
[PlyCount "64"]
[EventDate "2019.11.08"]
[EventType "swiss"]
[EventRounds "7"]
[EventCountry "NED"]
[SourceTitle "EXT 2023"]
[Source "ChessBase"]
[SourceDate "2022.10.05"]
[SourceVersion "1"]
[SourceVersionDate "2022.10.05"]
[SourceQuality "1"]

1. c4 e5 2. g3 Nf6 3. Bg2 c6 4. Nc3 d5 5. cxd5 cxd5 6. d4 e4 7. f3 Bb4 8. Bd2 Nc6 9. fxe4 dxe4 10. e3 Bxc3 11. Bxc3 Be6 12. Ne2 Bd5 13. Nf4 h5 14. Nxd5 Qxd5 15. Qb3 Ne7 16. Qxd5 Nexd5 17. Kd2 h4 18. gxh4 Rxh4 19. h3 Nh5 20. Rhf1 Ng3 21. Rf2 f5 22. Re1 Rc8 23. a3 Rh6 24. Bf1 Nxf1+ 25. Rfxf1 g6 26. Rg1 Kf7 27. Rg3 Rch8 28. Reg1 R8h7 29. R1g2 Rxh3 30. Rxg6 Rxe3 31. Rd6 Rd3+ 32. Kc2 Ne3+ 0-1

[Event "Leiden SB-chA"]
[Site "Leiden"]
[Date "2015.06.16"]
[Round "5"]
[White "Heemskerk, Wim"]
[Black "Hellenberg, Jan Amerik"]
[Result "1-0"]
[WhiteElo "2168"]
[BlackElo "2014"]
[PlyCount "57"]
[EventDate "2015.05.19"]
[EventType "swiss"]
[EventRounds "7"]
[EventCountry "NED"]
[SourceTitle "EXT 2018"]
[Source "ChessBase"]
[SourceDate "2017.10.13"]
[SourceVersion "1"]
[SourceVersionDate "2017.10.13"]
[SourceQuality "1"]

1. c4 c6 2. Nf3 d5 3. e3 Nf6 4. Nc3 Bg4 5. Qb3 Qb6 6. Ne5 Qxb3 7. axb3 e6 8. Nxg4 Nxg4 9. Be2 Nf6 10. 0-0 Nbd7 11. d4 Bd6 12. c5 Bc7 13. b4 0-0 14. b5 e5 15. b4 a6 16. bxc6 bxc6 17. Rxa6 Rxa6 18. Bxa6 Rb8 19. b5 cxb5 20. Nxb5 Ba5 21. c6 Ra8 22. Bb7 Rb8 23. Bb2 exd4 24. Bxd4 Bb6 25. Bxb6 Nxb6 26. Nc7 Ne8 27. Nxe8 Rxe8 28. c7 Kf8 29. Rb1 1-0

[Event "Leiden SB-chA"]
[Site "Leiden"]
[Date "2014.06.17"]
[Round "6"]
[White "Hellenberg, Jan Amerik"]
[Black "Oei, Hway Ik"]
[Result "0-1"]
[WhiteElo "1867"]
[BlackElo "2016"]
[PlyCount "75"]
[EventDate "2014.05.13"]
[EventType "swiss"]
[EventRounds "7"]
[EventCountry "NED"]
[SourceTitle "EXT 2015"]
[Source "ChessBase"]
[SourceDate "2014.11.20"]
[SourceVersion "1"]
[SourceVersionDate "2014.11.20"]
[SourceQuality "1"]

1. c4 c5 2. g3 g6 3. Bg2 Bg7 4. Nc3 Nc6 5. a3 e5 6. Rb1 a5 7. Nb5 d6 8. d3 Nge7 9. e4 0-0 10. Ne2 Be6 11. 0-0 Qd7 12. Be3 h6 13. Qd2 Kh7 14. f4 b6 15. Rf2 f5 16. Rbf1 fxe4 17. Bxe4 d5 18. cxd5 Nxd5 19. Bxd5 Bxd5 20. Nec3 Rad8 21. Ne4 Nd4 22. Nbc3 exf4 23. Rxf4 Rxf4 24. Rxf4 Nf5 25. Kf1 Bxe4 26. dxe4 Qxd2 27. Bxd2 Rxd2 28. exf5 gxf5 29. Na4 b5 30. Nxc5 Bxb2 31. Nb3 Rxh2 32. Rxf5 a4 33. Na5 Bxa3 34. Rxb5 Rc2 35. Nb7 Bb2 36. Nc5 a3 37. Ra5 Kg6 38. Nd7 0-1

[Event "Leiden SB-chA"]
[Site "Leiden"]
[Date "2014.05.13"]
[Round "1"]
[White "Bloothoofd, Gerrie"]
[Black "Hellenberg, Jan Amerik"]
[Result "1-0"]
[WhiteElo "2116"]
[BlackElo "1867"]
[PlyCount "101"]
[EventDate "2014.05.13"]
[EventType "swiss"]
[EventRounds "7"]
[EventCountry "NED"]
[SourceTitle "EXT 2015"]
[Source "ChessBase"]
[SourceDate "2014.11.20"]
[SourceVersion "1"]
[SourceVersionDate "2014.11.20"]
[SourceQuality "1"]

1. e4 e6 2. d4 d5 3. Nc3 Bb4 4. e5 c5 5. a3 Bxc3+ 6. bxc3 Ne7 7. Qg4 Qc7 8. Qxg7 Rg8 9. Qxh7 Nbc6 10. f4 cxd4 11. Ne2 Bd7 12. h4 0-0-0 13. Qd3 dxc3 14. h5 Nf5 15. h6 Rg6 16. h7 Rh8 17. g3 Rg7 18. Bg2 Na5 19. Bf3 Qc4 20. g4 Qxd3 21. cxd3 Ne7 22. Nxc3 Rgxh7 23. Rxh7 Rxh7 24. Rb1 a6 25. Kf2 Nac6 26. Na4 Kc7 27. Nc5 Bc8 28. Be3 Ng6 29. Kg3 Nf8 30. Na4 Nd7 31. Nb6 Nxb6 32. Bxb6+ Kb8 33. d4 Bd7 34. Be2 Kc8 35. Bd3 Rh8 36. f5 exf5 37. gxf5 Ne7 38. e6 fxe6 39. f6 Nf5+ 40. Kf4 Nd6 41. Rc1+ Bc6 42. Kg5 Rg8+ 43. Kh6 Nf7+ 44. Kh7 Rg3 45. Bg6 Ng5+ 46. Kg7 Kd7 47. Rf1 Rxa3 48. f7 Nxf7 49. Rxf7+ Kc8 50. Rf8+ Kd7 51. Be8+ 1-0

[Event "Leiden SB-ch"]
[Site "Leiden"]
[Date "2013.06.18"]
[Round "5"]
[White "Hellenberg, Jan Amerik"]
[Black "Kubbenga, Michael"]
[Result "1/2-1/2"]
[WhiteElo "1976"]
[BlackElo "1955"]
[PlyCount "32"]
[EventDate "2013.05.21"]
[EventType "swiss"]
[EventRounds "7"]
[EventCountry "NED"]
[SourceTitle "EXT 2014"]
[Source "ChessBase"]
[SourceDate "2013.11.20"]
[SourceVersion "1"]
[SourceVersionDate "2013.11.20"]
[SourceQuality "1"]

1. c4 b6 2. Nc3 Bb7 3. e4 e6 4. g3 f5 5. Bg2 Nf6 6. d3 fxe4 7. Nxe4 Nxe4 8. Bxe4 Bxe4 9. dxe4 Qf6 10. a3 Bc5 11. f4 Bxg1 12. Rxg1 Nc6 13. e5 Qf5 14. Be3 Qe4 15. Qe2 0-0-0 16. Bf2 Qxe2+ 1/2-1/2

[Event "Leiden Noteboom Memorial-A 72nd"]
[Site "Leiden"]
[Date "2012.02.17"]
[Round "1"]
[White "Ypma, Peter"]
[Black "Hellenberg, Jan Amerik"]
[Result "1-0"]
[WhiteElo "2100"]
[BlackElo "2019"]
[PlyCount "37"]
[EventDate "2012.02.17"]
[EventType "swiss"]
[EventRounds "6"]
[EventCountry "NED"]
[SourceTitle "CBM 147 Extra"]
[Source "ChessBase"]
[SourceDate "2012.04.24"]
[SourceVersion "1"]
[SourceVersionDate "2012.04.24"]
[SourceQuality "1"]

1. e4 e6 2. Qe2 c5 3. b3 Nc6 4. Bb2 Nge7 5. g3 b6 6. Bg2 Bb7 7. f4 d5 8. d3 dxe4 9. dxe4 Qd7 10. Nf3 0-0-0 11. Nbd2 Nb4 12. 0-0-0 Ba6 13. Nc4 Bxc4 14. Qxc4 Qb7 15. Ng5 Nec6 16. a3 Na6 17. Nxf7 Rxd1+ 18. Rxd1 Qxf7 19. Qxa6+ 1-0

[Event "Leiden LCT op-A 5th"]
[Site "Leiden"]
[Date "2011.07.08"]
[Round "1"]
[White "Hellenberg, Jan Amerik"]
[Black "Van der Wiel, John"]
[Result "0-1"]
[WhiteElo "2024"]
[BlackElo "2451"]
[PlyCount "68"]
[EventDate "2011.07.08"]
[EventType "swiss"]
[EventRounds "9"]
[EventCountry "NED"]
[SourceTitle "CBM 143 Extra"]
[Source "ChessBase"]
[SourceDate "2011.08.29"]
[SourceVersion "1"]
[SourceVersionDate "2011.08.29"]
[SourceQuality "1"]

1. c4 Nf6 2. g3 c6 3. Bg2 d5 4. Nf3 dxc4 5. a4 Na6 6. Na3 Be6 7. Ng5 Bf5 8. Nxc4 h6 9. Nf3 e6 10. 0-0 Be7 11. d3 0-0 12. Bd2 Bh7 13. Ne1 Nd5 14. Nc2 Rc8 15. Rb1 c5 16. N4e3 Qd7 17. Nxd5 exd5 18. Ne3 Nc7 19. b3 b6 20. Bc1 Rfe8 21. Bb2 Bf8 22. Rc1 d4 23. Nc4 Nd5 24. Re1 Be7 25. Be4 Bg5 26. Ra1 Bxe4 27. dxe4 Rxe4 28. Bc1 Bf6 29. Qd3 Rce8 30. Bd2 Qe6 31. Kf1 Bg5 32. Bxg5 hxg5 33. f3 Qh3+ 34. Kg1 Rh4 0-1

[Event "Leiden Noteboom Memorial 71st"]
[Site "Leiden"]
[Date "2011.03.04"]
[Round "1"]
[White "Haslinger, Stewart"]
[Black "Hellenberg, Jan Amerik"]
[Result "1-0"]
[WhiteElo "2552"]
[BlackElo "2029"]
[PlyCount "95"]
[EventDate "2011.03.04"]
[EventType "swiss"]
[EventRounds "6"]
[EventCountry "NED"]
[SourceTitle "CBM 141 Extra"]
[Source "ChessBase"]
[SourceDate "2011.05.03"]
[SourceVersion "1"]
[SourceVersionDate "2011.05.03"]
[SourceQuality "1"]

1. e4 e6 2. d4 d5 3. Nd2 Nf6 4. e5 Nfd7 5. c3 c5 6. Bd3 Nc6 7. Ne2 Qb6 8. Nf3 cxd4 9. cxd4 f6 10. exf6 Nxf6 11. 0-0 Bd6 12. b3 0-0 13. Bf4 Nxd4 14. Nfxd4 Bxf4 15. Nxf4 e5 16. Nxd5 Qxd4 17. Bc4 Be6 18. Ne7+ Kf7 19. Qxd4 exd4 20. Bxe6+ Kxe6 21. Rfe1+ Kf7 22. Nf5 Rad8 23. Rad1 d3 24. f3 Rd7 25. Re3 Rc8 26. Rexd3 Rxd3 27. Rxd3 Rc1+ 28. Kf2 Rc2+ 29. Kf1 Rxa2 30. Nd6+ Ke7 31. Nxb7 a5 32. Rd4 Nd7 33. h4 h6 34. Re4+ Kf6 35. Rd4 Ke7 36. g4 Ke6 37. Rd6+ Ke7 38. Rd5 a4 39. bxa4 Nb6 40. Re5+ Kf8 41. Nd6 Kg8 42. a5 Nd7 43. Re7 Nc5 44. Nf5 Rxa5 45. Rxg7+ Kh8 46. Rg6 Ra6 47. Rxa6 Nxa6 48. Nxh6 1-0

[Event "Leiden Noteboom Memorial 70th"]
[Site "Leiden"]
[Date "2010.02.13"]
[Round "3"]
[White "Hellenberg, Jan Amerik"]
[Black "Meijers, Viesturs"]
[Result "0-1"]
[WhiteElo "2067"]
[BlackElo "2470"]
[PlyCount "74"]
[EventDate "2010.02.12"]
[EventType "swiss"]
[EventRounds "6"]
[EventCountry "NED"]
[SourceTitle "CBM 134 Extra"]
[Source "ChessBase"]
[SourceDate "2010.03.03"]
[SourceVersion "1"]
[SourceVersionDate "2010.03.03"]
[SourceQuality "1"]

1. c4 e6 2. g3 d5 3. Bg2 Nf6 4. Nf3 dxc4 5. Qa4+ Nbd7 6. Qxc4 a6 7. 0-0 b5 8. Qc2 Bb7 9. d3 Be7 10. Nc3 c5 11. b3 0-0 12. Bb2 h6 13. Rad1 Qb6 14. e3 Rac8 15. Qe2 Rfd8 16. Nd2 Bxg2 17. Kxg2 Ne5 18. Nde4 Qb7 19. f3 Nfd7 20. f4 Nc6 21. Qf3 f5 22. Nf2 Rc7 23. Ne2 Bf6 24. Bxf6 Nxf6 25. Rc1 Qb6 26. Rfd1 Nb4 27. a3 Nc6 28. Rc2 Na5 29. Nc1 Rcd7 30. h3 c4 31. b4 Nb3 32. Nxb3 cxb3 33. Rc6 Qa7 34. Rb1 Rxd3 35. Nxd3 Rxd3 36. Rc5 Ne4 37. Qe2 Rd2 0-1

[Event "Leiden SB-ch"]
[Site "Leiden"]
[Date "2009.06.30"]
[Round "7"]
[White "Leeuwenburgh, Evert"]
[Black "Hellenberg, Jan Amerik"]
[Result "0-1"]
[WhiteElo "2056"]
[BlackElo "2010"]
[PlyCount "118"]
[EventDate "2009.05.19"]
[EventType "swiss"]
[EventRounds "7"]
[EventCountry "NED"]
[SourceTitle "EXT 2012"]
[Source "ChessBase"]
[SourceDate "2011.11.24"]
[SourceVersion "1"]
[SourceVersionDate "2011.11.24"]
[SourceQuality "1"]

1. d4 e6 2. c4 d5 3. Nc3 Nf6 4. Bg5 Be7 5. e3 c6 6. Rc1 a6 7. a3 dxc4 8. Bxc4 b5 9. Bd3 Bb7 10. Nf3 Nbd7 11. 0-0 0-0 12. b4 a5 13. Qb3 axb4 14. axb4 h6 15. Bxf6 Nxf6 16. Ne5 Qd6 17. Rb1 Ra6 18. Rfc1 Rfa8 19. Ne4 Nxe4 20. Bxe4 Ra3 21. Qd1 Bf6 22. Nd3 R8a7 23. Nc5 Bc8 24. Nd3 Bd7 25. Rc5 R7a6 26. Rbc1 Be8 27. g3 Bd7 28. Ne5 Bxe5 29. dxe5 Qxd1+ 30. Rxd1 Ra1 31. Bb1 Kf8 32. Rcc1 Ke7 33. Rd4 Be8 34. Kg2 R6a3 35. Rcd1 Rc3 36. Be4 Rxd1 37. Rxd1 c5 38. bxc5 Rxc5 39. f4 Bc6 40. Kf3 Bxe4+ 41. Kxe4 Rc4+ 42. Rd4 Rc5 43. Rd6 f5+ 44. Kd4 Rc2 45. Rb6 Rxh2 46. Rb7+ Kf8 47. Rxb5 Rd2+ 48. Kc3 Rd7 49. Rb4 Kf7 50. Rd4 Rc7+ 51. Kd2 g5 52. Ke2 g4 53. Rd2 h5 54. Kf2 Ke7 55. Kg2 Rd7 56. Ra2 Kf7 57. Rc2 Kg6 58. Ra2 h4 59. gxh4 Kh5 0-1

[Event "Leiden SB-ch"]
[Site "Leiden"]
[Date "2009.06.16"]
[Round "5"]
[White "Hellenberg, Jan Amerik"]
[Black "Bakker, Joop"]
[Result "1-0"]
[WhiteElo "2010"]
[BlackElo "1854"]
[PlyCount "65"]
[EventDate "2009.05.19"]
[EventType "swiss"]
[EventRounds "7"]
[EventCountry "NED"]
[SourceTitle "EXT 2012"]
[Source "ChessBase"]
[SourceDate "2011.11.24"]
[SourceVersion "1"]
[SourceVersionDate "2011.11.24"]
[SourceQuality "1"]

1. c4 c5 2. g3 g6 3. Bg2 Bg7 4. Nc3 Nc6 5. a3 d6 6. Rb1 a5 7. d3 e5 8. e4 Nge7 9. Nge2 0-0 10. 0-0 Rb8 11. Bd2 Be6 12. Nb5 Nd4 13. Nexd4 cxd4 14. b4 axb4 15. Bxb4 Nc8 16. Qc1 f5 17. f3 fxe4 18. fxe4 Rxf1+ 19. Qxf1 Bh6 20. Bh3 Be3+ 21. Kh1 Qd7 22. Bxe6+ Qxe6 23. Qf3 Ne7 24. Rf1 Bh6 25. Nc7 Qd7 26. Qf7+ Kh8 27. Ne6 Rg8 28. Bd2 g5 29. Qf6+ Bg7 30. Nxg7 Rxg7 31. Bb4 Nc8 32. Rf5 Ne7 33. Rxg5 1-0

[Event "Leiden SB-ch"]
[Site "Leiden"]
[Date "2009.06.09"]
[Round "4"]
[White "De Groot, Marco"]
[Black "Hellenberg, Jan Amerik"]
[Result "1/2-1/2"]
[WhiteElo "2082"]
[BlackElo "2010"]
[PlyCount "92"]
[EventDate "2009.05.19"]
[EventType "swiss"]
[EventRounds "7"]
[EventCountry "NED"]
[SourceTitle "EXT 2012"]
[Source "ChessBase"]
[SourceDate "2011.11.24"]
[SourceVersion "1"]
[SourceVersionDate "2011.11.24"]
[SourceQuality "1"]

1. e4 e6 2. d4 d5 3. Nc3 Bb4 4. e5 c5 5. Bd2 Nc6 6. Nb5 Bxd2+ 7. Qxd2 Nxd4 8. Nxd4 cxd4 9. Nf3 Ne7 10. Bd3 Bd7 11. Nxd4 Nc6 12. Qe3 Qb6 13. c3 Nxd4 14. cxd4 Qb4+ 15. Ke2 Rc8 16. Rab1 Bb5 17. Rhc1 0-0 18. Bxb5 Qxb5+ 19. Qd3 Qb6 20. Rc3 Rc6 21. Kf1 Rfc8 22. h4 Rc4 23. g3 R8c6 24. Rb3 Qa6 25. Kg2 b5 26. a4 b4 27. Qd1 Qb6 28. Rd3 a5 29. b3 Rc2 30. Qg4 R6c3 31. Rbd1 Rxd3 32. Rxd3 Rc3 33. Qe2 h6 34. Qd2 Qc6 35. Re3 Rxe3 36. Qxe3 Qc3 37. Kf3 Qc2 38. Kg2 Qd1 39. Kh3 h5 40. Kg2 Kh7 41. Kh2 Qc2 42. Kg2 Qf5 43. Qf3 Kg6 44. Qe2 Qg4 45. Qd3+ Qf5 46. Qe2 Qg4 1/2-1/2

[Event "Leiden SB-ch"]
[Site "Leiden"]
[Date "2009.05.19"]
[Round "1"]
[White "Verheijen, Jan"]
[Black "Hellenberg, Jan Amerik"]
[Result "0-1"]
[WhiteElo "1655"]
[BlackElo "2010"]
[PlyCount "30"]
[EventDate "2009.05.19"]
[EventType "swiss"]
[EventRounds "7"]
[EventCountry "NED"]
[SourceTitle "EXT 2012"]
[Source "ChessBase"]
[SourceDate "2011.11.24"]
[SourceVersion "1"]
[SourceVersionDate "2011.11.24"]
[SourceQuality "1"]

1. c4 c6 2. Nc3 Nf6 3. d4 d5 4. cxd5 cxd5 5. Nf3 Nc6 6. Bg5 Ne4 7. Nxe4 dxe4 8. Nd2 Qxd4 9. Qb3 e6 10. 0-0-0 Qc5+ 11. Kb1 Qxg5 12. Nxe4 Qg6 13. Qd3 Be7 14. e3 0-0 15. h4 Rd8 0-1

[Event "Leiden LCT op 2nd"]
[Site "Leiden"]
[Date "2008.07.11"]
[Round "1"]
[White "Van den Doel, Erik"]
[Black "Hellenberg, Jan Amerik"]
[Result "1-0"]
[WhiteElo "2568"]
[BlackElo "2069"]
[PlyCount "109"]
[EventDate "2008.07.11"]
[EventType "swiss"]
[EventRounds "9"]
[EventCountry "NED"]
[SourceTitle "CBM 125 Extra"]
[Source "ChessBase"]
[SourceDate "2008.09.01"]
[SourceVersion "1"]
[SourceVersionDate "2008.09.01"]
[SourceQuality "1"]

1. e4 e6 2. d4 d5 3. Nc3 Bb4 4. e5 c5 5. a3 Bxc3+ 6. bxc3 Ne7 7. Qg4 Qc7 8. Bd3 cxd4 9. Ne2 dxc3 10. Qxg7 Rg8 11. Qxh7 Qxe5 12. Bf4 Qf6 13. h4 Nd7 14. Bg5 Qh8 15. Qxh8 Rxh8 16. Nxc3 f6 17. Bd2 Nc5 18. Be2 Bd7 19. Rb1 Bc6 20. Nb5 Kd7 21. Nd4 b6 22. g4 Rag8 23. f3 e5 24. Nxc6 Nxc6 25. Kf2 Nd4 26. Bd1 Nde6 27. a4 Nxa4 28. Ra1 b5 29. c4 dxc4 30. Bxa4 bxa4 31. Rxa4 Rc8 32. Rxa7+ Rc7 33. Ra3 Rb8 34. h5 Rb2 35. h6 Rxd2+ 36. Ke3 Rb2 37. h7 Nf4 38. Ke4 Ng6 39. Kf5 Nh8 40. Ra8 Rc8 41. Rxc8 Kxc8 42. Kxf6 Kd7 43. Kg7 Ke8 44. Rh5 Rb7+ 45. Kxh8 Kf7 46. Rg5 Kf6 47. Rg8 c3 48. g5+ Kf5 49. g6 c2 50. g7 Rxg7 51. Kxg7 c1Q 52. Rf8+ Ke6 53. Rf6+ Kd5 54. h8Q Qg5+ 55. Kf7 1-0

[Event "Leiden SB-ch"]
[Site "Leiden"]
[Date "2008.05.20"]
[Round "1"]
[White "Bingen, Stanley"]
[Black "Hellenberg, Jan Amerik"]
[Result "0-1"]
[WhiteElo "1306"]
[BlackElo "1953"]
[PlyCount "116"]
[EventDate "2008.05.20"]
[EventType "swiss"]
[EventRounds "7"]
[EventCountry "NED"]
[SourceTitle "EXT 2012"]
[Source "ChessBase"]
[SourceDate "2011.11.24"]
[SourceVersion "1"]
[SourceVersionDate "2011.11.24"]
[SourceQuality "1"]

1. e4 e6 2. Bc4 d5 3. exd5 exd5 4. Bb3 Nf6 5. d4 Be7 6. Nc3 c6 7. Be3 Bf5 8. Nf3 Nbd7 9. 0-0 Bg4 10. Re1 0-0 11. Bf4 Nh5 12. Be5 Nxe5 13. Rxe5 Bd6 14. Re3 Bf4 15. Re1 Nf6 16. h3 Bh5 17. g4 Bg6 18. Ne2 Qc7 19. c4 Be4 20. Ne5 Bxe5 21. dxe5 Qxe5 22. Qd2 dxc4 23. Bxc4 Rfd8 24. Qc1 Bd5 25. Ng3 Qd4 26. Bb3 Ne4 27. Nxe4 Bxe4 28. Qf4 Qf6 29. Qxf6 gxf6 30. Rxe4 Rd2 31. Rb1 Kf8 32. Rf4 Kg7 33. h4 Re8 34. Bc4 h6 35. b4 Re5 36. a4 b6 37. Kg2 Rc2 38. h5 Rc3 39. Ra1 a5 40. b5 Rc5 41. Be2 Rc2 42. Bf3 cxb5 43. axb5 Rxb5 44. Be4 Rc4 45. f3 Rb2+ 46. Kg3 Rd4 47. Rb1 Rdb4 48. Rxb2 Rxb2 49. Bc6 Rc2 50. Ba4 Rb2 51. Rf5 Rb4 52. Rb5 Rxa4 53. Rxb6 Ra2 54. Kf4 a4 55. Kf5 Rf2 56. f4 a3 57. Rb1 a2 58. Ra1 Re2 0-1

[Event "Leiden SB-ch"]
[Site "Leiden"]
[Date "2007.06.26"]
[Round "7"]
[White "Bakker, Joop"]
[Black "Hellenberg, Jan Amerik"]
[Result "0-1"]
[WhiteElo "1927"]
[BlackElo "1921"]
[PlyCount "56"]
[EventDate "2007.05.15"]
[EventType "swiss"]
[EventRounds "7"]
[EventCountry "NED"]
[SourceTitle "EXT 2012"]
[Source "ChessBase"]
[SourceDate "2011.11.24"]
[SourceVersion "1"]
[SourceVersionDate "2011.11.24"]
[SourceQuality "1"]

1. f4 g6 2. Nf3 Bg7 3. g3 d5 4. Bg2 c6 5. 0-0 Nf6 6. c3 0-0 7. d3 Nbd7 8. Qc2 Qb6+ 9. Kh1 Ng4 10. e4 dxe4 11. dxe4 e5 12. Qb3 Nf2+ 13. Kg1 Nh3+ 14. Kh1 Nf2+ 15. Kg1 Nxe4+ 16. Qxb6 axb6 17. Nxe5 Nec5 18. Nxd7 Bxd7 19. Na3 Bf5 20. Be3 Rfe8 21. Bxc5 bxc5 22. Rfe1 Rxe1+ 23. Rxe1 Bxc3 24. Re2 Bd4+ 25. Kh1 Be6 26. Rc2 Bxa2 27. Nc4 Bxc4 28. Rxc4 Ra1+ 0-1

[Event "Leiden SB-ch"]
[Site "Leiden"]
[Date "2006.05.16"]
[Round "1"]
[White "Van Dijk, Rens"]
[Black "Hellenberg, Jan Amerik"]
[Result "0-1"]
[WhiteElo "1454"]
[BlackElo "1948"]
[PlyCount "54"]
[EventDate "2006.05.16"]
[EventType "swiss"]
[EventRounds "7"]
[EventCountry "NED"]
[SourceTitle "EXT 2012"]
[Source "ChessBase"]
[SourceDate "2011.11.24"]
[SourceVersion "1"]
[SourceVersionDate "2011.11.24"]
[SourceQuality "1"]

1. e4 g6 2. d3 Bg7 3. Nf3 c5 4. Be2 Nc6 5. 0-0 d6 6. c3 Nf6 7. Nbd2 0-0 8. Nc4 b5 9. Ne3 Bb7 10. Rb1 a5 11. Bd2 e6 12. a3 b4 13. cxb4 axb4 14. a4 Ba6 15. b3 e5 16. Re1 Nh5 17. g3 Bc8 18. Nh4 Nf4 19. Neg2 Nxe2+ 20. Rxe2 Nd4 21. Re1 Be6 22. Be3 f5 23. exf5 Nxf5 24. Nxf5 Bxf5 25. Qd2 Qd7 26. Nh4 Be6 27. Nf3 Rxf3 0-1

[Event "Leiden SB-ch"]
[Site "Leiden"]
[Date "2004.07.07"]
[Round "7"]
[White "Leeuwenburgh, Evert"]
[Black "Hellenberg, Jan Amerik"]
[Result "0-1"]
[WhiteElo "1987"]
[BlackElo "1926"]
[PlyCount "64"]
[EventDate "2004.05.19"]
[EventType "swiss"]
[EventRounds "7"]
[EventCountry "NED"]
[SourceTitle "EXT 2012"]
[Source "ChessBase"]
[SourceDate "2011.11.24"]
[SourceVersion "1"]
[SourceVersionDate "2011.11.24"]
[SourceQuality "1"]

1. e4 e6 2. d4 d5 3. e5 c5 4. dxc5 Bxc5 5. Bd3 Qb6 6. Qe2 Nc6 7. c3 a5 8. Nf3 f6 9. 0-0 fxe5 10. Nxe5 Nxe5 11. Qxe5 Nf6 12. Nd2 0-0 13. Nf3 Ng4 14. Qh5 Bxf2+ 15. Kh1 Nf6 16. Qe5 Bc5 17. Bf4 Bd7 18. Bg3 Rae8 19. a4 Bc6 20. Ng5 d4 21. Rab1 h6 22. b4 axb4 23. cxb4 Bxb4 24. Nxe6 Bxg2+ 25. Kxg2 Rxe6 26. Qf5 Qc6+ 27. Kg1 Bd2 28. Bf2 Ne4 29. Bxe4 Rxe4 30. Qxf8+ Kxf8 31. Be3+ Kg8 32. Bxd2 Re2 0-1

[Event "Leiden SB-ch"]
[Site "Leiden"]
[Date "2004.06.02"]
[Round "3"]
[White "Coene, Igor"]
[Black "Hellenberg, Jan Amerik"]
[Result "1-0"]
[WhiteElo "2061"]
[BlackElo "1926"]
[PlyCount "69"]
[EventDate "2004.05.19"]
[EventType "swiss"]
[EventRounds "7"]
[EventCountry "NED"]
[SourceTitle "EXT 2012"]
[Source "ChessBase"]
[SourceDate "2011.11.24"]
[SourceVersion "1"]
[SourceVersionDate "2011.11.24"]
[SourceQuality "1"]

1. c4 g6 2. g3 Bg7 3. Bg2 Nc6 4. Nc3 e5 5. d3 Nge7 6. e4 d6 7. Nge2 0-0 8. 0-0 Be6 9. Nd5 Qd7 10. Rb1 f5 11. f4 Nd8 12. b3 c6 13. Nxe7+ Qxe7 14. Ba3 c5 15. b4 Rc8 16. bxc5 dxc5 17. fxe5 fxe4 18. Rxf8+ Bxf8 19. Bxe4 Qg5 20. Nf4 b6 21. Nd5 Bg7 22. Bb2 Bxd5 23. Bxd5+ Kh8 24. Qf3 Qe7 25. Rf1 Ne6 26. Qg4 Re8 27. Kg2 Nd8 28. Qf4 Ne6 29. Qf7 Nd8 30. Qf2 Ne6 31. Re1 Rf8 32. Qe2 h6 33. Qg4 Ng5 34. h4 Ne6 35. Qxe6 1-0